Gaming Quiz

Random Gaming or Nintendo Quiz

Super Smash Bros. Ultimate Music - Super Smash Bros. Quiz Stats

 Plays Quiz not verified by Sporcle

Support Sporcle.
Go Orange.
Score 0/113 Timer 15:00
0 Plays Today
- Name % Correct
Battlefield
96.1%
Battlefield - Super Smash Bros. Melee
96.1%
Remix (3DS/Wii U)Battlefield - Super Smash Bros. Melee (for 3DS / Wii U)
96.1%
Battlefield - Super Smash Bros. Brawl
96.1%
Battlefield Ver. 2 - Super Smash Bros. Brawl
96.1%
Battlefield - Super Smash Bros. for 3DS / Wii U
96.1%
Final Destination
95.1%
Final Destination - Super Smash Bros.
95.1%
Final Destination - Super Smash Bros. Melee
95.1%
Final Destination - Super Smash Bros. Brawl
95.1%
Final Destination - Super Smash Bros. for 3DS / Wii U
95.1%
Final Destination Ver. 2
95.1%
Duel Zone
95.1%
Lifelight (JP)
94.2%
Lifelight
94.2%
Main Theme Piano Solo
94.2%
Menu
92.2%
Menu - Super Smash Bros.
92.2%
Menu - Super Smash Bros. Melee
92.2%
Remix (Brawl)Menu - Super Smash Bros. Melee (Brawl)
92.2%
Menu 2 - Super Smash Bros. Melee
92.2%
Menu - Super Smash Bros. for 3DS / Wii U
92.2%
Menu - Super Smash Bros. Brawl
92.2%
Master Hand
86.4%
Master Hand - Super Smash Bros. for 3DS / Wii U
86.4%
Crazy Hand
85.4%
Galeem
85.4%
Main Theme - Super Smash Bros. Brawl
85.4%
Dharkon
84.5%
Mob Smash
78.6%
Multi-Man Melee
78.6%
Multi-Man Melee 2
78.6%
Classic Mode: Bonus Stage
77.7%
Multi-Man Smash
77.7%
Classic: Final Results
76.7%
Classic: Fail
76.7%
Credits - Super Smash Bros.
75.7%
Remix (Brawl)Credits - Super Smash Bros. (Brawl)
75.7%
- Name % Correct
Credits - Super Smash Bros. Brawl
75.7%
Remix (3DS/Wii U)Credits - Super Smash Bros. (for 3DS / Wii U)
75.7%
Credits - Super Smash Bros. for 3DS / Wii U
75.7%
Classic Mode: Mural
74.8%
Classic Mode: Defeat
74.8%
Classic Mode: Final Results
74.8%
Classic: Results Screen
74.8%
Trophies
73.8%
All-Star Intro
73.8%
All-Star Rest Area - Super Smash Bros. Brawl
73.8%
All-Star Rest Area - Super Smash Bros. for 3DS / Wii U
73.8%
Targets!
71.8%
Target Smash!
71.8%
Training
70.9%
Giga Bowser
70.9%
Training Mode
70.9%
Home-Run Contest
70.9%
Trophy Gallery
70.9%
Trophy Rush
70.9%
Trophy Shop
70.9%
Gallery / Hoard
70.9%
Remix (Brawl)Boss Battle - Super Smash Bros. Brawl
69.9%
Boss Battle Song 1
69.9%
Boss Battle Song 2
69.9%
Galeem / Dharkon
66%
Meta Crystal
66%
Opening - Super Smash Bros. Melee
65%
Remix (Brawl)Opening - Super Smash Bros. Melee (Brawl)
65%
How to Play - Super Smash Bros.
65%
New RemixHow to Play - Super Smash Bros. Melee
65%
How to Play - Super Smash Bros. Melee
65%
Shop
64.1%
Master Core
63.1%
Remix (3DS/Wii U)Results Screen - Super Smash Bros. for 3DS / Wii U
61.2%
Practice Fights
60.2%
Online Practice Stage - Super Smash Bros. Brawl
60.2%
Online Practice Stage - Super Smash Bros. for 3DS / Wii U
60.2%
Master Fortress: First Wave
59.2%
- Name % Correct
Master Fortress: Second Wave
59.2%
Metal Battle
58.3%
Free the Spirit!
56.3%
Cruel Smash
56.3%
Spirits: Collection
55.3%
Spirits: Inventory / Items
55.3%
Smash Tour: Map
55.3%
Master Hand / Crazy Hand
53.4%
Tourney: Battle List
53.4%
Tourney: Winner Announcement
53.4%
Tournament
53.4%
Tournament 2
53.4%
Stage Builder
53.4%
Tournament Registration
53.4%
Tournament Grid
53.4%
Tournament Match End
53.4%
Coin Launcher
52.4%
Master Orders: Ticket Selection
52.4%
The Final Battle
51.5%
The Final Battle: After the Transformation
51.5%
Step: The Plain
50.5%
Step: Subspace
50.5%
Step: Subspace Ver. 3
50.5%
The Light Realm: Prologue
49.5%
The Light Realm: March
49.5%
The Light Realm: Base
49.5%
The Dark Realm
49.5%
The Dark Realm: The Mysterious Space
49.5%
Vault
48.5%
Bonus Game - Super Smash Bros.
45.6%
StreetSmash
43.7%
Fighter Selection - Super Smash Bros.
42.7%
Spectate
38.8%
Sticker Album / Album / Chronicle
37.9%
Adventure Map
35%
Replay / Album / Records
33%
Events
31.1%

You're not logged in!

Compare scores with friends on all Sporcle quizzes.
OR
Log In

From the Vault

Hunger Games District Match

by Headers2304

Ready to do some matchmaking?
Remove Ads.
Support Sporcle.
Get the best of Sporcle when you Go Orange. This ad-free experience offers more features, more stats, and more fun while also helping to support Sporcle. Thank you for becoming a member.

Show Comments

Extras

Top Quizzes Today


Score Distribution

Your Account Isn't Verified!

In order to create a playlist on Sporcle, you need to verify the email address you used during registration. Go to your Sporcle Settings to finish the process.

Report this User

Report this user for behavior that violates our Community Guidelines.

Details: